Zábrana škod

Guardado en:
Detalles Bibliográficos
Formato: Seriadas
Lenguaje:checo
Publicado: Praha Stát. nakl. techn. lit.
Etiquetas: Agregar Etiqueta
Sin Etiquetas, Sea el primero en etiquetar este registro!

MARC

LEADER 00000nas1a22000001 4500
001 s120939
005 20041019155347.0
041 0 |a cze 
044 |a CZ 
245 1 0 |a Zábrana škod 
264 1 |a Praha  |b Stát. nakl. techn. lit.